Štátny rozpočet Slovenskej republiky a jeho plnenie Príloha Hospodárskych novín

Príjmy a výdavky štátneho rozpočtu Slovenskej republiky za prvé 4 mesiace r. 1997. Bežné výdavky na verejnú správu a časové plnenie daňových príjmov k 30. 4. 1997. Monitor ukazovateľov hospodárskeho vývoja SR.

Salvato in:
Dettagli Bibliografici
Natura: Capitolo di libro
Lingua:slovacco
Soggetti:
Tags: Aggiungi Tag
Nessun Tag, puoi essere il primo ad aggiungerne!!

MARC

LEADER 00000naa a2200000 4500
001 r026778
005 20230824091428.5
041 0 |a slo 
044 |a SK 
245 1 0 |a Štátny rozpočet Slovenskej republiky a jeho plnenie  |b Príloha Hospodárskych novín 
520 |a Príjmy a výdavky štátneho rozpočtu Slovenskej republiky za prvé 4 mesiace r. 1997. Bežné výdavky na verejnú správu a časové plnenie daňových príjmov k 30. 4. 1997. Monitor ukazovateľov hospodárskeho vývoja SR. 
610 2 0 |a Slovensko 
610 2 0 |a január-apríl 
610 2 0 |a 1997 
610 2 0 |a rozpočet štátny 
610 2 0 |a príjmy rozpočtu štátneho 
610 2 0 |a výdavky rozpočtu štátneho 
610 2 0 |a ukazovatele ekonomické